000 00621cam a22002291 4500
001 sa 64006820
003 DLC
005 20260227112042.0
008 890628s1962 ii b 000 0 tamo
010 _asa 64006820
035 _a(OCoLC)19944415
040 _aDLC
_cWaU
_dDLC
043 _aa-ii---
050 0 0 _aPL4758.2
_b.V3
100 1 _aVaiyāpurip Piḷḷai, Es.,
_d1891-1956.
245 1 0 _aTamil̲ ilakkiya caritattil kāviya kālam.
260 _c[1962]
300 _axii, 368 p.
_c20 cm.
500 _aIn Tamil.
504 _aBibliographical footnotes.
650 0 _aTamil poetry
_xHistory and criticism.
999 _c59898
_d59898